|
|
|
|
| LEADER |
00000nkm a2200000 a 4500 |
| 001 |
vtls012005349 |
| 003 |
SK-MaSNL |
| 005 |
20260512124943.0 |
| 007 |
kp bo |
| 008 |
231121s1956 xo g kuslo |
| 015 |
|
|
|a SNBG1956
|
| 035 |
|
|
|a urn:nbn:sk:snk-km00falz
|
| 035 |
|
|
|a urn:nbn:sk:snk-km45t7r
|
| 035 |
|
|
|a 123DEF9A-78EC-4ECA-9C10-34F74AF6244E
|
| 040 |
|
|
|a SNK
|b slo
|c SNK
|e AACR2
|
| 041 |
0 |
|
|a slo
|
| 043 |
|
|
|a e-xo---
|
| 044 |
|
|
|a xo
|c SK
|
| 072 |
|
7 |
|a 913
|x Regionálna geografia
|2 konspekt
|
| 080 |
|
|
|a 913(437.6)
|2 2011
|
| 080 |
|
|
|a 711.455:615.838
|2 2011
|
| 080 |
|
|
|a (084.121)
|2 2011
|
| 080 |
|
|
|a 614.2:[725.1:614.21]
|2 2011
|
| 080 |
|
|
|a 643.41
|2 2011
|
| 080 |
|
|
|a 721
|2 2011
|
| 245 |
0 |
0 |
|a Vyšné Ružbachy
|h grafika
|b liečebný ústav ROH
|
| 260 |
|
|
|a Martin
|b Osveta
|a Bratislava
|b PK - HSVZ
|c 1956
|
| 300 |
|
|
|a 1 pohľadnica
|b čiernobiela
|c 11 x 15 cm
|
| 520 |
8 |
|
|a Zobrazenie: Pohľad zboku na budovu jedálne liečebného ústavu v kúpeľoch vo Vyšných Ružbachoch
|
| 610 |
2 |
7 |
|a Kúpele Vyšné Ružbachy (Slovensko)
|2 SNKKA
|9 59276
|
| 650 |
0 |
7 |
|a liečebne
|2 SNKPH
|9 56920
|
| 650 |
0 |
7 |
|a kúpele
|2 SNKPH
|9 1139
|
| 650 |
0 |
7 |
|a jedálne
|2 SNKPH
|9 31445
|
| 650 |
0 |
7 |
|a budovy
|2 SNKPH
|9 1283
|
| 651 |
|
7 |
|a Vyšné Ružbachy (Slovensko)
|2 SNKPHgeo
|9 22374
|
| 655 |
|
7 |
|a miestne pohľadnice
|2 SNKPH
|9 70510
|
| 852 |
|
|
|a Slovenská národná knižnica
|
| 958 |
|
|
|a GBN
|
| 958 |
|
|
|a OND
|
| 958 |
|
|
|a GC
|
| 958 |
|
|
|a EUIPO
|
| 999 |
|
|
|c 954439
|d 956369
|
| 952 |
|
|
|a SNK
|b SNK
|y PREZ
|7 0
|p 17A1408023
|o snkSP 100629
|8 0
|0 0
|1 0
|4 0
|d 2020-11-29
|f 1
|l 0
|r 2026-02-24 09:59:14
|w 2026-02-24
|